000 00410nam a2200133Ia 4500
008 151213s9999 xx 000 0 und d
100 _aDr.Ravi Batra
245 _aServicing The Great Depression of 1990 ; Protect Your Asssels and Come out on Top
_cDr.Ravi Batra
260 _a, New York , London
_bSimon & Schusher
_c1990
300 _a2944 p.
650 _aReference
700 _aDr.Ravi Batra
999 _c2031
_d2031